• 首页
  • 本馆介绍
  • 公告通知
  • 最新文献
  • 馆藏检索
  • 电子资源
  • 读者导购
  • 参考咨询
  • 我的图书馆
  • 登录
  • 详细信息显示
  • 放入我的书架
  • 预约/预借图书
  • 作者相关作品
  • 分类相关作品
  • 丛书相关作品
  • 出版社相关作品

书目信息

  • 表格格式
  • 工作单格式
  • 卡片格式
题名:
保守主义
    
 
作者: 曼海姆 著 ;李朝晖 , 牟建君 译
分册:  
出版信息: 南京   译林出版社  2002
页数: 269页
开本: 21cm
丛书名: 人文与社会译丛
单 册:
中图分类: C91-06
科图分类:
主题词: 保守主义--政治思想史--德国
电子资源:
ISBN: 7-80657-245-7
000 00711nam2 2200241 45
001 0402070996
005 20040207100208.9
010    @a7-80657-245-7@dCNY16.00
100    @a20040207d2002 km y0chiy0120 ea
101 0  @achi@cger
105    @a z 000yy
200 1  @a保守主义@ABao Shou Zhu Yi@f(德)曼海姆著@F(De)Man Hai Mu Zhu@g李朝晖,牟建君译
210    @a南京@c译林出版社@d2002
215    @a269页@d21cm
225    @a人文与社会译丛
410    @12001 @a人文与社会译丛
606 0  @a保守主义@x政治思想史@y德国
690    @aC91-06@v4
701  0 @a曼海姆@4著
702  0 @a李朝晖@ALi Zhao Hui@4译
702  0 @a牟建君@AMu Jian Jun@4译
801    @aCN@bTSTCL@c20040207
905    @b334116-118@dC91-06@e319@f3
    
    保守主义/(德)曼海姆著/李朝晖,牟建君译.-南京:译林出版社,2002
    269页;21cm.-(人文与社会译丛)
    
    
    ISBN 7-80657-245-7:CNY16.00
    
●
相关链接 在E读中查询图书 在五车中查询图书 在当当中查询图书 在豆瓣中查询图书


正题名:保守主义     索取号:C91-06/319         预约/预借

序号 登录号 条形码 馆藏地/架位号 状态 备注
1 0334116   203341160   第一借阅区/ [索取号:C91-06/319] 在馆    
2 0334117   203341179   第一借阅区/ [索取号:C91-06/319] 在馆    
3 0334118   203341188   第一样本阅览室/ [索取号:C91-06/319] 在馆    
唐山师范学院图书馆 欢迎您!
大连网信软件有限公司© 版权所有